000 00351nam a2200145Ia 4500
008 240624s9999 xx 000 0 und d
041 _aeng
082 _a321.8 KOT
100 _aKOTHARI RAJNI
245 _aRETHINKING DEMOCRACY
250 _a11
260 _c2010
_aNew Delhi
_bOrient BlackSwan
300 _av, : 176p. : cm. ; 21
365 _cRS
_b31
999 _c17980
_d17980